|
|
|
|
| LEADER |
00000nam a22000007a 4500 |
| 005 |
2022072003463.0 |
| 007 |
cr|||| |||| |
| 008 |
220720s2018 br |||||s|||| 00||0 por d |
| 020 |
|
|
|a 978-85-93741-32-6
|
| 035 |
|
|
|a 36747
|
| 040 |
|
|
|a vLex
|
| 090 |
|
|
|c 13611
|d 13611
|
| 100 |
1 |
|
|a de Moraes Mello, Cleyson
|
| 245 |
1 |
0 |
|a Dil̀ogos em Direitos Humanos, Estado e Cidadania
|h [Recurso electrn̤ico] /
|c Cleyson de Moraes Mello, Andr ̌R. C. Fontes, Sn̥ia Guerra
|
| 256 |
|
|
|a Servicio en ln̕ea
|
| 260 |
|
|
|a Rio de Janeiro:
|b Editora Processo,
|c 2018
|
| 300 |
|
|
|a 1 recurso electrn̤ico
|
| 500 |
|
|
|a REIS FRIEDE se dedica ao estudo do Direito h ̀mais de 40 anos, tendo ingressado na Faculdade de Direito da Universidade Cńdido Mendes (UCAM) em 1978, graduando-se em 1982. Em 1981, com inscriȯ̂ no quadro de estagir̀ios, iniciou sua carreira como Postulante e, seguidamente, Advogado (OAB 46.215), atuando posteriormente, aps̤ correspondente concurso pb︢lico (aprovado em 1ð lugar) no Ministřio Pb︢lico, na qualidade de Promotor de Justiȧ (1986/88) e no Poder Judicir̀io Federal, aps̤ submissô a novo concurso pb︢lico (aprovado em 1ð lugar, dentre os candidatos do Rio de Janeiro, tendo sido o mais jovem Juiz Federal do Brasil, conforme noticiado no Jornal do Brasil de 17/03/1988), como Juiz Federal Titular da 12® Vara (1988/2001).
|
| 506 |
1 |
|
|a Disponible solo en los productos indicados
|d vLex Global
|d vLex Global (Academic Edition, excluding Law Schools)
|d vLex Global (U.S. Academic Edition, Law Schools)
|d vLex Global (U.S. Academic Edition, excluding Law Schools)
|d vLex Global (Academic Edition, Law Schools)
|
| 650 |
0 |
4 |
|a Derecho Constitucional
|z Brasil
|
| 700 |
1 |
|
|a Fontes, Andr ̌R. C.
|
| 700 |
1 |
|
|a Guerra, Sn̥ia
|
| 740 |
0 |
|
|a vLex Libros (Servicio en ln̕ea)
|
| 856 |
4 |
0 |
|u https://app.vlex.com/#/sources/36747
|z Acceso restringido
|
| 942 |
|
|
|c BOOK
|
| 999 |
0 |
|
|a Constitutional right
|